Tips for managing your classroom / (Record no. 23155)

000 -LEADER
fixed length control field 01379cam a22003013a 4500
001 - CONTROL NUMBER
control field 12928931
005 - DATE AND TIME OF LATEST TRANSACTION
control field 20170125162317.0
008 - FIXED-LENGTH DATA ELEMENTS--GENERAL INFORMATION
fixed length control field 020913s2001 ilua b 000 0 eng d
010 ## - LIBRARY OF CONGRESS CONTROL NUMBER
LC control number 2002512355
020 ## - INTERNATIONAL STANDARD BOOK NUMBER
International Standard Book Number 1575174413
035 ## - SYSTEM CONTROL NUMBER
System control number (OCoLC)ocm49304030
040 ## - CATALOGING SOURCE
Original cataloging agency NHS
Transcribing agency NHS
Modifying agency DLC
050 00 - LIBRARY OF CONGRESS CALL NUMBER
Classification number LB 3013 .B87 2001
100 1# - MAIN ENTRY--PERSONAL NAME
Personal name Burke, Kay.
245 10 - TITLE STATEMENT
Title Tips for managing your classroom /
Statement of responsibility, etc. Kay Burke.
260 ## - PUBLICATION, DISTRIBUTION, ETC. (IMPRINT)
Place of publication, distribution, etc. Arlington Heights, IL :
Name of publisher, distributor, etc. Skylight Professional Development,
Date of publication, distribution, etc. c2001.
300 ## - PHYSICAL DESCRIPTION
Extent 39 p. :
Other physical details ill. ;
Dimensions 22 cm.
500 ## - GENERAL NOTE
General note "Adapted from chapter 4 of What to do with the kid who...: developing cooperation, self-discipline, and reponsibility in the classroom, 2nd. edition." (from t.p.)
500 ## - GENERAL NOTE
General note Includes bibliographical references (p. 39)
650 #0 - SUBJECT ADDED ENTRY--TOPICAL TERM
Topical term or geographic name as entry element Classroom management
Geographic subdivision United States
Form subdivision Handbooks, manuals, etc.
650 #0 - SUBJECT ADDED ENTRY--TOPICAL TERM
Topical term or geographic name as entry element School discipline
Geographic subdivision United States
Form subdivision Handbooks, manuals, etc.
700 1# - ADDED ENTRY--PERSONAL NAME
Personal name Burke, Kay
Title of a work What to do with the kid who.
906 ## - LOCAL DATA ELEMENT F, LDF (RLIN)
a 7
b cbc
c copycat
d 3
e ncip
f 20
g y-gencatlg
942 ## - ADDED ENTRY ELEMENTS (KOHA)
Source of classification or shelving scheme
Koha item type Hard Covered Materials
Classification part LB 3013 .B87 2001
Holdings
Withdrawn status Lost status Source of classification or shelving scheme Damaged status Not for loan Home library Current library Shelving location Date acquired Source of acquisition Total Checkouts Full call number Barcode Date last seen Price effective from Koha item type
          MACHAKOS UNIVERSITY LIBRARY MACHAKOS UNIVERSITY LIBRARY Technical section 25/01/2017 Donation (B.F.A)   LB 3013 .B87 2001 31628 23/07/2018 25/01/2017 Hard Covered Materials
© Machakos University Library, Along The Highway, Machakos Wote Rd, Machakos, Kenya P.O. Box 136 - 90100 Machakos - Kenya

Tel: ( +254 ) 723 805829 OR Fax : 044-20353 OR Email: library@mksu.ac.ke